000 00600nam a2200181Ia 4500
008 230921s9999||||xx |||||||||||||| ||und||
020 _a978-3-030-11950-8
022 _a2366-5629
041 _aEN
100 _aRhonda L. Koster, Doris A. Carson
245 0 _aPerspectives on Rural Tourism Geographies
250 _a1st ed. 2019
260 _c2019
_bSpringer International Publishing
440 _aGeographies of Tourism and Global Change
856 _uhttps://doi.org/10.1007/978-3-030-11950-8
856 _uhttps://link.springer.com/openurl?genre=book&isbn=978-3-030-11950-8
942 _cEB
999 _c258101
_d258101